00484 2200193 4500001002100000005001500021008004100036020002200077035001900099041000700118082001000125090001600135100001900151700001200170245003700182260002800219300002400247650001900271INLIS00000000000234520241224112524241224||||||||| | ||| |||| || |  a978-602-9328-70-7 0010-1224002345 aid0 a612.3 a612.3 DEW b0 aDewi Cakrawati0 aMustika00aBahan Pangan, Gizi Dan Kesehatan aBandungbalfabetac2012 ax, 234 hlm. ; 24 cm 0aILMU KESEHATAN